000
00260nam a2200121Ia 4500
008
241002s9999 xx 000 0 und d
082
_a
955.053 GHI
100
_a
Ghirshman, R.
245
0
_a
Iran
260
_a
London:
_c
1951
600
_a
History
942
_c
UC
999
_c
18566
_d
18566